Riesterova důchodová reforma - možná inspirace?

Charakteristika Riesterovej reformy. Zámery reformy. Základné parametre Riesterovej penzie. Trojpilierový dôchodkový model.

Saved in:
Bibliographic Details
Main Author: Pavlík, Petr
Format: Book Chapter
Language:Czech
Subjects:
Tags: Add Tag
No Tags, Be the first to tag this record!

MARC

LEADER 00000naa$a2200000$$$4500
001 0079049
005 20230927103632.0
041 0 |a cze 
044 |a CZ 
245 1 0 |a Riesterova důchodová reforma - možná inspirace?  |c Petr Pavlík 
520 |a Charakteristika Riesterovej reformy. Zámery reformy. Základné parametre Riesterovej penzie. Trojpilierový dôchodkový model. 
610 2 0 |a reformy dôchodkové 
610 2 0 |a financovanie 
610 2 0 |a legislatíva 
610 2 0 |a poistenie dôchodkové 
100 1 |a Pavlík, Petr